000 00304nam a22001337a 4500
003 SGT
082 _a612.015
_bCHE
100 _aCHEKE, RAMESHWAR S.
245 _aMEDICINAL CHEMISTRY -III
260 _aINDIA
_bS.VIKASH PUB.
_c2020
300 _a112
650 _aMEDICINAL CHEMISTRY
942 _2ddc
_cBK
999 _c32509
_d32509